[Event "chess.com Speed 2019"]
[Site "chess.com INT"]
[Date "2019.12.05"]
[Round "3.23"]
[White "Artemiev, Vladislav"]
[Black "So, Wesley"]
[Result "1-0"]
[WhiteTitle "GM"]
[BlackTitle "GM"]
[WhiteElo "2746"]
[BlackElo "2767"]
[WhiteFideId "24101605"]
[BlackFideId "5202213"]
[EventDate "2019.09.02"]

1. e4 e5 2. Nf3 Nc6 3. Bb5 Nf6 4. d3 Bc5 5. Be3 Bxe3 6. fxe3 d6 7. O-O O-O 8.
Bxc6 bxc6 9. Nbd2 c5 10. Qe1 h6 11. Nh4 g6 12. Qg3 Kg7 13. Nf5+ Kh7 14. Nh4 Nh5
15. Rxf7+ Rxf7 16. Qxg6+ Kh8 17. Qxf7 Qxh4 18. Qf8+ Kh7 19. Rf1 Qg5 20. Rf7+ Ng7
21. Nf3 Qxe3+ 22. Kf1 Qc1+ 23. Kf2 Qxc2+ 24. Kg3 Qxg2+ 25. Kxg2 Bh3+ 26. Kxh3
Rxf8 27. Rxf8 Ne6 28. Rf6 Nf4+ 29. Kg4 Nxd3 30. Kf5 Nxb2 31. Rf7+ Kg8 32. Rxc7
Nc4 33. Kf6 Ne3 34. h3 c4 35. Nh4 c3 36. Ng6 Ng4+ 37. hxg4 c2 38. Rg7# 1-0

[Event "chess.com Speed 2019"]
[Site "chess.com INT"]
[Date "2019.12.05"]
[Round "3.24"]
[White "So, Wesley"]
[Black "Artemiev, Vladislav"]
[Result "1/2-1/2"]
[WhiteTitle "GM"]
[BlackTitle "GM"]
[WhiteElo "2767"]
[BlackElo "2746"]
[WhiteFideId "5202213"]
[BlackFideId "24101605"]
[EventDate "2019.09.02"]

1. e4 c6 2. d4 d5 3. e5 Bf5 4. Nf3 e6 5. Be2 Nd7 6. O-O Bg6 7. a4 a5 8. Nbd2 Nh6
9. c4 Bb4 10. cxd5 cxd5 11. Nb3 Nf5 12. Bd2 Bxd2 13. Qxd2 O-O 14. Bb5 Bh5 15.
Ne1 Nb6 16. Nxa5 Nc4 17. Nxc4 dxc4 18. Nc2 Qd5 19. Qc3 Be2 20. Rfe1 Bd3 21. Ne3
Nxe3 22. fxe3 f6 23. b3 Rac8 24. bxc4 Bxc4 25. e4 Bxb5 26. exd5 Rxc3 27. axb5
exd5 28. exf6 Rxf6 29. Re7 h5 30. Rxb7 Rc2 31. Kh1 Rff2 32. Rg1 Rfd2 33. b6 Rb2
34. Rd7 Rxd4 35. b7 Kh7 36. h3 Rdb4 37. Rxd5 Kh6 38. Rd6+ g6 39. Rd7 Rxb7 40.
Rxb7 Rxb7 41. Rf1 Rc7 1/2-1/2

[Event "chess.com Speed 2019"]
[Site "chess.com INT"]
[Date "2019.12.05"]
[Round "3.25"]
[White "Artemiev, Vladislav"]
[Black "So, Wesley"]
[Result "0-1"]
[WhiteTitle "GM"]
[BlackTitle "GM"]
[WhiteElo "2746"]
[BlackElo "2767"]
[WhiteFideId "24101605"]
[BlackFideId "5202213"]
[EventDate "2019.09.02"]

1. c4 e5 2. Nc3 Nf6 3. Nf3 Nc6 4. d3 d5 5. cxd5 Nxd5 6. g3 Be7 7. Bg2 Be6 8. O-O
O-O 9. Nxd5 Bxd5 10. Be3 Re8 11. Qa4 a6 12. Rfc1 Bf8 13. Bc5 Bxc5 14. Rxc5 Nd4
15. Nxd4 Bxg2 16. Kxg2 exd4 17. Re1 c6 18. Qb3 Qd7 19. a4 Re6 20. a5 Rae8 21.
Rc2 Re5 22. Qa4 Qd5+ 23. Kg1 Qxa5 24. Qxa5 Rxa5 25. Rc4 Rb5 26. b4 Rd5 27. Kf1
h5 28. h3 Ree5 29. Rec1 Kf8 30. R1c2 Ke8 31. Kg2 Kd7 32. Kf3 Rf5+ 33. Kg2 Rfe5
34. Rb2 Kc7 35. Rc1 Rb5 36. Rcc2 a5 37. bxa5 Rxb2 38. Rxb2 Rxa5 39. Kf3 Re5 40.
Kf4 Re6 41. Kg5 g6 42. Kh6 b5 43. Kg7 Re7 44. Kf6 Rd7 45. f4 Kb6 46. f5 gxf5 47.
Kg5 c5 48. Kxh5 Ka5 49. Ra2+ Kb4 50. Rb2+ Ka4 51. Ra2+ Kb3 52. Ra5 Kb4 53. Ra1
c4 54. Rb1+ Kc5 55. dxc4 bxc4 56. Kg5 c3 57. h4 Kc4 58. h5 c2 59. Rh1 Kc3 60. h6
Kb2 61. Kxf5 c1=Q 62. Rxc1 Kxc1 63. Kf6 Kd2 64. h7 Rd8 65. Kxf7 Kxe2 66. g4 d3
67. g5 d2 0-1

[Event "chess.com Speed 2019"]
[Site "chess.com INT"]
[Date "2019.12.05"]
[Round "3.26"]
[White "So, Wesley"]
[Black "Artemiev, Vladislav"]
[Result "0-1"]
[WhiteTitle "GM"]
[BlackTitle "GM"]
[WhiteElo "2767"]
[BlackElo "2746"]
[WhiteFideId "5202213"]
[BlackFideId "24101605"]
[EventDate "2019.09.02"]

1. e4 d5 2. exd5 Qxd5 3. Nc3 Qd8 4. d4 g6 5. Nf3 Bg7 6. Be2 Nf6 7. O-O O-O 8.
Re1 a6 9. a4 Nc6 10. h3 b6 11. Be3 Bb7 12. Ne5 e6 13. Bf3 Nd5 14. Nxd5 exd5 15.
Nxc6 Bxc6 16. Qd2 a5 17. Bh6 Bxh6 18. Qxh6 Qf6 19. Qd2 Rfe8 20. Qc3 Qd6 21. b3
f6 22. Qd3 Kg7 23. h4 Rxe1+ 24. Rxe1 Re8 25. Rxe8 Bxe8 26. g3 Bd7 27. Qe3 Bf5
28. Qe2 c5 29. Bg4 cxd4 30. Bxf5 gxf5 31. Qb5 Qe6 32. Qa6 f4 33. Qb7+ Kg6 34.
Qb8 Qe1+ 35. Kg2 Qe4+ 36. Kh2 fxg3+ 37. Qxg3+ Kh5 38. Qc7 Qxh4+ 39. Kg2 Qe4+ 40.
Kg1 Kg6 41. Qxb6 h5 42. Qxa5 Qxc2 43. Qxd5 d3 44. Qg8+ Kh6 45. Qh8+ Kg5 46. Qg7+
Kf5 47. Qh7+ Ke5 48. Qxh5+ Kd4 49. Qh4+ Kc3 50. Qxf6+ Kxb3 51. Qe6+ Kxa4 52.
Qe4+ Kb3 53. Kg2 Qc4 54. Qb7+ Kc2 55. Qh7 Kc1 56. Qh1+ Kc2 57. Qh7 Qc6+ 58. f3
Qc4 59. Kf2 Qd4+ 60. Kf1 Qc3 61. Qe4 Kc1 62. Qe3+ Kb2 63. Qb6+ Kc2 64. Qg6 Qc5
65. Qe4 Qb5 66. Kf2 Kc3 67. Qe3 Qb2+ 68. Ke1 Qb1+ 69. Kf2 Qc2+ 70. Ke1 Qb1+ 71.
Kf2 Qb4 72. Ke1 Kc2+ 73. Kf2 d2 74. Qe2 Qd4+ 75. Kg2 Kc1 76. Qa6 d1=Q 77. f4
Q1g1+ 78. Kh3 Qde3+ 79. Kh4 Qeg3+ 0-1

[Event "chess.com Speed 2019"]
[Site "chess.com INT"]
[Date "2019.12.05"]
[Round "3.27"]
[White "Artemiev, Vladislav"]
[Black "So, Wesley"]
[Result "1-0"]
[WhiteTitle "GM"]
[BlackTitle "GM"]
[WhiteElo "2746"]
[BlackElo "2767"]
[WhiteFideId "24101605"]
[BlackFideId "5202213"]
[EventDate "2019.09.02"]

1. g3 d5 2. Bg2 e6 3. d3 Nf6 4. Nd2 Be7 5. e4 O-O 6. Ngf3 c5 7. O-O Nc6 8. Re1
b5 9. a4 b4 10. exd5 exd5 11. d4 Re8 12. dxc5 Bxc5 13. Nb3 Rxe1+ 14. Qxe1 Bb6
15. Be3 Be6 16. Nfd4 Rc8 17. Nxe6 fxe6 18. Bxb6 axb6 19. Qxe6+ Kh8 20. Rd1 Na5
21. Nxa5 bxa5 22. Bxd5 Rxc2 23. Bf3 Qf8 24. Qb6 Rxb2 25. Rd8 Ne8 26. Qe3 Rb1+
27. Kg2 g6 28. Rxe8 Qxe8 29. Qxe8+ Kg7 30. Qe7+ Kh6 31. Qf8+ 1-0

[Event "chess.com Speed 2019"]
[Site "chess.com INT"]
[Date "2019.12.05"]
[Round "3.28"]
[White "So, Wesley"]
[Black "Artemiev, Vladislav"]
[Result "1-0"]
[WhiteTitle "GM"]
[BlackTitle "GM"]
[WhiteElo "2767"]
[BlackElo "2746"]
[WhiteFideId "5202213"]
[BlackFideId "24101605"]
[EventDate "2019.09.02"]

1. e4 c6 2. d4 d5 3. e5 Bf5 4. Nf3 e6 5. Be2 Nd7 6. O-O Bg6 7. a4 Nh6 8. a5 Nf5
9. g4 Nh4 10. Nxh4 Qxh4 11. f4 f5 12. Be3 Qd8 13. Bd3 Be7 14. gxf5 exf5 15. Kh1
O-O 16. Rg1 Kh8 17. Nd2 Re8 18. Qf3 Nf8 19. Qh3 Qd7 20. Rxg6 1-0

[Event "chess.com Speed 2019"]
[Site "chess.com INT"]
[Date "2019.12.05"]
[Round "3.29"]
[White "Artemiev, Vladislav"]
[Black "So, Wesley"]
[Result "1/2-1/2"]
[WhiteTitle "GM"]
[BlackTitle "GM"]
[WhiteElo "2746"]
[BlackElo "2767"]
[WhiteFideId "24101605"]
[BlackFideId "5202213"]
[EventDate "2019.09.02"]

1. g3 d5 2. Bg2 g6 3. Nf3 Bg7 4. O-O e5 5. d3 Ne7 6. Nbd2 O-O 7. e4 Nbc6 8. exd5
Nxd5 9. Re1 h6 10. Nc4 Re8 11. a4 Nb6 12. Ncd2 a5 13. h4 Kh7 14. Qe2 Bg4 15.
Ng5+ hxg5 16. Qxg4 gxh4 17. gxh4 Nd4 18. h5 Nxc2 19. hxg6+ fxg6 20. Rd1 Nxa1 21.
Be4 Qf6 22. Kg2 Rh8 23. Nf3 Raf8 24. Bg5 Qd6 25. Rxa1 Nd5 26. Nh4 Nf4+ 27. Bxf4
Rxf4 28. Qg3 Rxe4 29. dxe4 Bh6 30. Rh1 Qf6 31. Qg4 Rf8 32. Nf3 Kg7 33. Rh3 Qf4
34. Qd7+ Rf7 35. Qd5 c6 36. Qxe5+ Qxe5 37. Nxe5 Re7 38. Nc4 Rxe4 39. Nxa5 Rxa4
40. Nxb7 Rb4 41. Nd8 Rxb2 42. Nxc6 Bg5 43. Nd4 1/2-1/2